| 000 | 00365nam a2200145Ia 4500 | ||
|---|---|---|---|
| 008 | 240307s9999||||xx |||||||||||||| ||und|| | ||
| 020 | _a9788195291182 | ||
| 082 |
_a610 _bPra/T |
||
| 100 | _aSingh,Atul Pratap | ||
| 245 | 0 | _aTextbook of Pharmacovigilance | |
| 250 | _a1st Edition | ||
| 260 |
_aAgra _bR.Narain Pub & Distributors |
||
| 300 | _a208p. | ||
| 942 | _cBK | ||
| 999 |
_c43095 _d43095 |
||